000 00844cab a2200229 4500
001 ABS40404
008 090401t1989 xxu||||| |||| 00| 0 eng d
035 _a(Sirsi) u23584
041 _aeng
245 _aNew property Bill
260 _c1989
350 _a0
490 _aNew Law Journal
_v139(6394) 10 February 1989, 192-195(2)
520 _aHighlights the main provisions of the Law of Property (Miscellaneous Provisions) Bill , derived from recommendations of three Law Commission papers: "Deeds and Escrows", "Formalities for Contract s for Sale etc. of Land " and "The Rule in Bain v Fothergill ".
650 _aLAW OF PROPERTY ACT 1925 S40
650 _aLAW OF PROPERTY ACT 1925 S54
650 _aSHORT LEASES
650 _aVENDOR AND PURCHASER
690 _aPROPERTY LAW AND PRACTICE
942 _n0
948 _c04/03/1997
999 _c15773
_d15773